[Event "Bayernliga U20 1819"]
[Site "Bayern"]
[Date "2018.12.08"]
[Round "2.6"]
[White "Mandl, Timo"]
[Black "McPherson, Elisha"]
[Result "1-0"]
[WhiteElo "1438"]
[BlackElo "1718"]
[PlyCount "63"]
[EventDate "2018.11.17"]
[EventType "team-tourn"]
[EventRounds "6"]
[EventCountry "GER"]
[SourceTitle "EXT 2022"]
[Source "ChessBase"]
[SourceDate "2021.10.06"]
[SourceVersion "1"]
[SourceVersionDate "2021.10.06"]
[SourceQuality "1"]
[WhiteTeam "Schwandorf U20"]
[BlackTeam "Augsburg SF U20"]
[WhiteTeamCountry "GER"]
[BlackTeamCountry "GER"]

1. e4 c5 2. c4 Nc6 3. Nc3 Nf6 4. Nf3 d6 5. d3 e5 6. g3 Be7 7. Bg2 0-0 8. 0-0 Bg4 9. Be3 Qd7 10. Qd2 Bh3 11. Bg5 Bxg2 12. Kxg2 Ne8 13. Bxe7 Nxe7 14. b3 f5 15. Ng5 f4 16. h3 Nc6 17. Ne2 h6 18. Nf3 g5 19. g4 h5 20. Rh1 hxg4 21. Nxg5 f3+ 22. Kg3 fxe2 23. hxg4 Nf6 24. f3 Kg7 25. Qxe2 Rh8 26. Qd2 Rxh1 27. Rxh1 Rh8 28. Ne6+ Qxe6 29. Qg5+ Kf7 30. Rxh8 Nb4 31. Rh6 Qe7 32. Qg6+ 1-0